00351nam a2200121Ia 4500003000400000008004100004040001600045082002000061100002100081245008700102650002500189650001500214GCL140319s9999 xx 000 0 eng d aGCL / cGCL04aCCb709.32bR C1 aRODENY, NOETTE B10aCOPTIC ARTS: EXHIBITION OF COPTIC ART BY THE OLSEN FOUNDATION / cRODENY, NOETTE B04aANCIENT EGYPTIAN ART04aCOPTIC ART